<?xml version="1.0" encoding="UTF-8"?>
<record
    xmlns:xsi="http://www.w3.org/2001/XMLSchema-instance"
    xsi:schemaLocation="http://www.loc.gov/MARC21/slim http://www.loc.gov/standards/marcxml/schema/MARC21slim.xsd"
    xmlns="http://www.loc.gov/MARC21/slim">

  <leader>01839    a2200361   4500</leader>
  <controlfield tag="008">120831s2014    nyua   g      001 0 eng d</controlfield>
  <datafield tag="020" ind1=" " ind2=" ">
    <subfield code="a">9780071811347 (pbk.)</subfield>
  </datafield>
  <datafield tag="020" ind1=" " ind2=" ">
    <subfield code="a">0071811346 (pbk.)</subfield>
  </datafield>
  <datafield tag="020" ind1=" " ind2=" ">
    <subfield code="z">9780071811354 (e-ISBN)</subfield>
  </datafield>
  <datafield tag="020" ind1=" " ind2=" ">
    <subfield code="z">0071811354 (e-ISBN)</subfield>
  </datafield>
  <datafield tag="082" ind1="0" ind2="4">
    <subfield code="a">540.76</subfield>
    <subfield code="2">23</subfield>
    <subfield code="b">GDB</subfield>
  </datafield>
  <datafield tag="100" ind1="1" ind2=" ">
    <subfield code="a">Goldberg, David E.</subfield>
    <subfield code="d">1932-</subfield>
    <subfield code="9">48509</subfield>
  </datafield>
  <datafield tag="245" ind1="1" ind2="0">
    <subfield code="a">Beginning chemistry /</subfield>
    <subfield code="c">David E. Goldberg, PhD, Professor Emeritus of Chemistry, Brooklyn College, City University of New York.</subfield>
  </datafield>
  <datafield tag="246" ind1="3" ind2=" ">
    <subfield code="a">Schaum's outlines, beginning chemistry</subfield>
  </datafield>
  <datafield tag="250" ind1=" " ind2=" ">
    <subfield code="a">4th ed.</subfield>
  </datafield>
  <datafield tag="260" ind1=" " ind2=" ">
    <subfield code="a">New York :</subfield>
    <subfield code="b">McGraw-Hill Education,</subfield>
    <subfield code="c">c2014.</subfield>
  </datafield>
  <datafield tag="300" ind1=" " ind2=" ">
    <subfield code="a">xi, 368 p :</subfield>
    <subfield code="b">ill. ;</subfield>
    <subfield code="c">28 cm.</subfield>
  </datafield>
  <datafield tag="490" ind1="1" ind2=" ">
    <subfield code="a">Schaum's outline series</subfield>
  </datafield>
  <datafield tag="500" ind1=" " ind2=" ">
    <subfield code="a">At head of title: Schaum's outlines</subfield>
  </datafield>
  <datafield tag="500" ind1=" " ind2=" ">
    <subfield code="a">Includes index.</subfield>
  </datafield>
  <datafield tag="505" ind1="0" ind2=" ">
    <subfield code="a">Basic concepts -- Mathematical methods in chemistry -- Atoms and atomic masses -- Electronic configuration of the atom -- Chemical bonding -- Inorganic nomenclature -- Formula calculations -- Chemical equations -- Net ionic equations -- Stiochiometry -- Molarity -- Gases -- Kinetic molecular theory -- Oxidation and reduction -- Solutions -- Rates and equilibrium -- Acid-base theory -- Organic chemistry -- Nuclear reactions -- Scientific calculations.</subfield>
  </datafield>
  <datafield tag="520" ind1=" " ind2=" ">
    <subfield code="a">Includes 673 fully solved problems and  examples with explanations of chemistry concepts.</subfield>
  </datafield>
  <datafield tag="650" ind1=" " ind2="0">
    <subfield code="a">Chemistry.</subfield>
    <subfield code="9">48510</subfield>
  </datafield>
  <datafield tag="650" ind1=" " ind2="0">
    <subfield code="a">Chemistry</subfield>
    <subfield code="v">Outlines, syllabi, etc.</subfield>
    <subfield code="9">48511</subfield>
  </datafield>
  <datafield tag="650" ind1=" " ind2="0">
    <subfield code="a">Chemistry</subfield>
    <subfield code="v">Problems, exercises, etc.</subfield>
    <subfield code="9">48512</subfield>
  </datafield>
  <datafield tag="650" ind1=" " ind2="7">
    <subfield code="a">Chemistry.</subfield>
    <subfield code="2">fast</subfield>
    <subfield code="9">48513</subfield>
  </datafield>
  <datafield tag="655" ind1=" " ind2="7">
    <subfield code="a">Outlines, syllabi, etc.</subfield>
    <subfield code="2">fast</subfield>
    <subfield code="9">48514</subfield>
  </datafield>
  <datafield tag="655" ind1=" " ind2="7">
    <subfield code="a">Problems, exercises, etc.</subfield>
    <subfield code="2">fast</subfield>
    <subfield code="9">48515</subfield>
  </datafield>
  <datafield tag="740" ind1="0" ind2=" ">
    <subfield code="a">Schaum's outline of beginning chemistry.</subfield>
  </datafield>
  <datafield tag="740" ind1="0" ind2=" ">
    <subfield code="a">Schaum's beginning chemistry.</subfield>
  </datafield>
  <datafield tag="830" ind1=" " ind2="0">
    <subfield code="a">Schaum's outline series.</subfield>
    <subfield code="9">48516</subfield>
  </datafield>
  <datafield tag="942" ind1=" " ind2=" ">
    <subfield code="2">ddc</subfield>
    <subfield code="c">BOOK</subfield>
  </datafield>
  <datafield tag="999" ind1=" " ind2=" ">
    <subfield code="c">37286</subfield>
    <subfield code="d">271786</subfield>
  </datafield>
  <datafield tag="952" ind1=" " ind2=" ">
    <subfield code="0">0</subfield>
    <subfield code="1">0</subfield>
    <subfield code="2">ddc</subfield>
    <subfield code="4">0</subfield>
    <subfield code="7">1</subfield>
    <subfield code="9">733244</subfield>
    <subfield code="a">CL</subfield>
    <subfield code="b">CL</subfield>
    <subfield code="d">2015-07-13</subfield>
    <subfield code="l">0</subfield>
    <subfield code="o">540.76 GDB</subfield>
    <subfield code="p">00212519</subfield>
    <subfield code="r">2015-07-13 00:00:00</subfield>
    <subfield code="t">1</subfield>
    <subfield code="w">2015-07-13</subfield>
    <subfield code="y">BOOK</subfield>
  </datafield>
  <datafield tag="952" ind1=" " ind2=" ">
    <subfield code="0">0</subfield>
    <subfield code="1">0</subfield>
    <subfield code="2">ddc</subfield>
    <subfield code="4">0</subfield>
    <subfield code="7">0</subfield>
    <subfield code="9">733245</subfield>
    <subfield code="a">CL</subfield>
    <subfield code="b">CL</subfield>
    <subfield code="d">2015-07-13</subfield>
    <subfield code="l">4</subfield>
    <subfield code="m">1</subfield>
    <subfield code="o">540.76 GDB</subfield>
    <subfield code="p">00212518</subfield>
    <subfield code="r">2026-06-07 12:28:28</subfield>
    <subfield code="s">2026-02-05</subfield>
    <subfield code="t">2</subfield>
    <subfield code="w">2015-07-13</subfield>
    <subfield code="y">BOOK</subfield>
  </datafield>
  <datafield tag="952" ind1=" " ind2=" ">
    <subfield code="0">0</subfield>
    <subfield code="1">0</subfield>
    <subfield code="2">ddc</subfield>
    <subfield code="4">0</subfield>
    <subfield code="7">0</subfield>
    <subfield code="9">733246</subfield>
    <subfield code="a">CL</subfield>
    <subfield code="b">CL</subfield>
    <subfield code="d">2015-07-13</subfield>
    <subfield code="l">0</subfield>
    <subfield code="o">540.76 GDB</subfield>
    <subfield code="p">00212517</subfield>
    <subfield code="r">2015-07-13 00:00:00</subfield>
    <subfield code="t">3</subfield>
    <subfield code="w">2015-07-13</subfield>
    <subfield code="y">BOOK</subfield>
  </datafield>
  <datafield tag="952" ind1=" " ind2=" ">
    <subfield code="0">0</subfield>
    <subfield code="1">0</subfield>
    <subfield code="2">ddc</subfield>
    <subfield code="4">0</subfield>
    <subfield code="7">1</subfield>
    <subfield code="9">733247</subfield>
    <subfield code="a">SZM</subfield>
    <subfield code="b">SZM</subfield>
    <subfield code="d">2015-07-13</subfield>
    <subfield code="l">0</subfield>
    <subfield code="o">540.76 GDB</subfield>
    <subfield code="p">00212516</subfield>
    <subfield code="r">2015-07-13 00:00:00</subfield>
    <subfield code="t">1</subfield>
    <subfield code="w">2015-07-13</subfield>
    <subfield code="y">BOOK</subfield>
  </datafield>
  <datafield tag="952" ind1=" " ind2=" ">
    <subfield code="0">0</subfield>
    <subfield code="1">0</subfield>
    <subfield code="2">ddc</subfield>
    <subfield code="4">0</subfield>
    <subfield code="7">0</subfield>
    <subfield code="9">733248</subfield>
    <subfield code="a">SZM</subfield>
    <subfield code="b">SZM</subfield>
    <subfield code="d">2015-07-13</subfield>
    <subfield code="l">0</subfield>
    <subfield code="o">540.76 GDB</subfield>
    <subfield code="p">00212515</subfield>
    <subfield code="r">2015-07-13 00:00:00</subfield>
    <subfield code="t">2</subfield>
    <subfield code="w">2015-07-13</subfield>
    <subfield code="y">BOOK</subfield>
  </datafield>
</record>
